| 000 | 00492nam a2200169Ia 4500 | ||
|---|---|---|---|
| 003 | OSt | ||
| 005 | 20200814124846.0 | ||
| 008 | 190216s9999||||xx |||||||||||||| ||und|| | ||
| 040 | _coclc | ||
| 082 |
_a547.7 _bAGA/C |
||
| 100 |
_aAgarwal, O P _94088 |
||
| 245 | 0 |
_aChemistry Of Organic Natural Products Vol-2 / _cO P Agarwal |
|
| 260 |
_bGoel Publishing House, _c1999. _aMeerut: |
||
| 300 | _a600p | ||
| 650 | _aChemistry | ||
| 942 |
_cBK _2ddc _h547.7 _iAGA/C _k547.7 _mAGA/C |
||
| 999 |
_c2672 _d2672 |
||